| 000 | 00671 a2200181 4500 | ||
|---|---|---|---|
| 003 | Nust | ||
| 005 | 20170207153545.0 | ||
| 040 | _cNust | ||
| 082 | _a005.1 | ||
| 100 | _aRaja, Farrukh A. (MSCS-) | ||
| 245 |
_aPoint-to-point file transfer based on link access procedure for D channel (LAPD) of ISDN _cFarrukh A Raja |
||
| 260 |
_aMCS _c1996 _bRwp. |
||
| 300 | _a115 p. | ||
| 505 | _aIntroduction (page-1), ISDN protocol and functions (page-18), Data link control protocols (page-33), Implementation of file transfer protocol (page-54), Applications, limitations and future research (page-63). | ||
| 538 | _aAlmirah No 73 Shelf No 1 | ||
| 650 | _aMSCS Thesis | ||
| 651 | _aMSCS- | ||
| 942 | _cTHS | ||
| 999 |
_c188588 _d188588 |
||